Všeobecná a aplikovaná logistika

Salvato in:
Dettagli Bibliografici
Autore principale: Viestová, Kristína
Natura: Capitolo di libro
Lingua:slovacco
Tags: Aggiungi Tag
Nessun Tag, puoi essere il primo ad aggiungerne!!

MARC

LEADER 00000naa$a2200000$$$4500
001 0064591
005 20240502071746.1
041 0 |a slo 
044 |a SK 
245 1 0 |a Všeobecná a aplikovaná logistika  |c Kristína Viestová 
100 1 |a Viestová, Kristína